00496 a2200169 450000100060000002000180000604000220002410000310004624000160007724500110009330000090010436200090011365000590012294200070018195201210018899900170030968446 a9786556131320 cAnchieta - Pituba aPoliedro Sistema de Ensino10aENEM 6lpor10aENEM 6 a11040 a2022 4a. Vestibulares / Exames de admissão em universidades cBK 00104070a91.1b91.1d2023-11-21l1o378.161 E56e ENEp24092/PITr2024-06-18 15:41:17s2023-11-21w2023-11-21yBK c68446d68446